Statistics for The 6 Friends From (Friends)

Click here to take the quiz!

General Stats

  • This quiz has been taken 20 times
  • The average score is 5 of 6

Answer Stats

The Actor That Plays ThemTheir First Name% Correct
Matthew PerryChandler
94%
Jennifer AnistonRachel
94%
David SchwimmerRoss
94%
Lisa KudrowPhoebe
88%
Matt Le BlancJoey
81%
Courteney CoxMonica
81%

Score Distribution

Percentile by Number Answered

Percent of People with Each Score

Your Score History

You have not taken this quiz